Alaap (Record no. 20786)

MARC details
000 -LEADER
fixed length control field 02516ngm a2200445 4500
003 - CONTROL NUMBER IDENTIFIER
control field dpl
005 - DATE AND TIME OF LATEST TRANSACTION
control field 20090109125033.0
007 - PHYSICAL DESCRIPTION FIXED FIELD--GENERAL INFORMATION
fixed length control field DVD 4 3/4inch
008 - FIXED-LENGTH DATA ELEMENTS--GENERAL INFORMATION
fixed length control field ||||||sp199 xxu|||||c ||| 00| 0 ng d
010 ## - LIBRARY OF CONGRESS CONTROL NUMBER
LC control number DVD-002004-2005 & DVD-005575-5579
024 ## - OTHER STANDARD IDENTIFIER
Standard number or code SHE DVD 473
Terms of availability 99.00
035 ## - SYSTEM CONTROL NUMBER
System control number DVD-002004-2005
035 ## - SYSTEM CONTROL NUMBER
System control number DVD-005575-5579
040 ## - CATALOGING SOURCE
Original cataloging agency DPL
Transcribing agency DPL
082 ## - DEWEY DECIMAL CLASSIFICATION NUMBER
Classification number DVD / ALAA
245 ## - TITLE STATEMENT
Title Alaap
Statement of responsibility, etc N.C. Sippy Presents
Medium [videorecording] DVD/
260 ## - PUBLICATION, DISTRIBUTION, ETC. (IMPRINT)
Name of publisher, distributor, etc Shemaroo Video Pvt. Ltd.
300 ## - PHYSICAL DESCRIPTION
Extent 1 videodisc DVD; (134 min.) :
Other physical details sd., col. ;
Dimensions 4 3/4 in.
Type of unit DVD
440 ## - SERIES STATEMENT/ADDED ENTRY--TITLE
Title Shemaroo Home Entertainment
500 ## - GENERAL NOTE
General note Digitally Re-Mastered From the Original Film
538 ## - SYSTEM DETAILS NOTE
System details note Dolby Digital 5.1 - Hindi Subtitles: English
650 ## - SUBJECT ADDED ENTRY--TOPICAL TERM
Topical term or geographic name as entry element Motion Picture
700 ## - ADDED ENTRY--PERSONAL NAME
Personal name Mukherjee, Hrishikesh
700 ## - ADDED ENTRY--PERSONAL NAME
Personal name Sippy, N. C.
700 ## - ADDED ENTRY--PERSONAL NAME
Personal name Jaidev
700 ## - ADDED ENTRY--PERSONAL NAME
Personal name Bachchan, Amitabh
700 ## - ADDED ENTRY--PERSONAL NAME
Personal name Rekha
700 ## - ADDED ENTRY--PERSONAL NAME
Personal name Om Prakash
700 ## - ADDED ENTRY--PERSONAL NAME
Personal name Om Prakash
942 ## - ADDED ENTRY ELEMENTS (KOHA)
Koha item type CD-ROMs, DVDs, VHS
Source of classification or shelving scheme Dewey Decimal Classification
Classification part DVD
Call number suffix ALAA
Holdings
Withdrawn status Lost status Source of classification or shelving scheme Damaged status Not for loan Home library Current library Date acquired Source of acquisition Cost, normal purchase price Total Checkouts Full call number Barcode Date last seen Date checked out Copy number Cost, replacement price Price effective from Koha item type Total Renewals
    Dewey Decimal Classification     Central Library Central Library 09/01/2009 Purchase 99.00 28 DVD ALAA DVD-002004 22/09/2019 08/09/2019 1 99.00 09/01/2009 CD-ROMs, DVDs, VHS  
    Dewey Decimal Classification     Janak Puri Janak Puri 09/01/2010 Pioneers/948/17-11-09/325/13-10-09 /30-11-09 99.00 4 DVD ALAA DVD-005575 22/07/2015 08/07/2015 1 99.00 09/01/2010 CD-ROMs, DVDs, VHS 1
    Dewey Decimal Classification     Karol Bagh Karol Bagh 09/01/2010 Pioneers/948/17-11-09/325/13-10-09 /30-11-09 99.00 5 DVD ALAA DVD-005578 23/05/2013 09/05/2013 1 99.00 09/01/2010 CD-ROMs, DVDs, VHS  
    Dewey Decimal Classification     Narela Narela 09/01/2010 Pioneers/948/17-11-09/325/13-10-09 /30-11-09 99.00   DVD ALAA DVD-005579 09/01/2010   1 99.00 09/01/2010 CD-ROMs, DVDs, VHS  
    Dewey Decimal Classification     R.K.Puram-8 R.K.Puram-8 09/01/2010 Pioneers/948/17-11-09/325/13-10-09 /30-11-09 99.00 1 DVD ALAA DVD-005576 03/12/2016 24/11/2016 1 99.00 09/01/2010 CD-ROMs, DVDs, VHS  
    Dewey Decimal Classification     Sarojini Nagar Sarojini Nagar 09/01/2009 Purchase 99.00 13 DVD ALAA DVD-002005 28/11/2013 23/11/2013 1 99.00 09/01/2009 CD-ROMs, DVDs, VHS 1
    Dewey Decimal Classification     Vinoba Puri Vinoba Puri 09/01/2010 Pioneers/948/17-11-09/325/13-10-09 /30-11-09 99.00 3 DVD ALAA DVD-005577 02/11/2012 20/10/2012 1 99.00 09/01/2010 CD-ROMs, DVDs, VHS  

© Delhi Public Library
Hit Counter
free hit counter